000 00889nas a2200301 4500
001 BR2012006546
003 BR-BrBNA
005 20231205121132.0
007 ta
008 230509b bl.|||p| |||| 00| 00por d
040 _aBR-BrBNA
_bpor
_cBiblioteca Nacional de Agricultura
041 _a(Pt)
072 _aL70
100 1 _aMondadori, R.G.
100 1 _aWouk, A.F.P. de F.
100 1 _aBenevides Filho, I.M.
100 1 _aCaramori Júnior, J.G.
100 1 _aRibeiro Filho, C.H.A.
100 1 _aMaiorka, P.C.
100 1 _aSilva, J.C.P. da
245 1 _aPanorama sobre educação veterinária brasileira
650 _aVETERINÁRIA
650 _aEDUCAÇÃO VETERINÁRIA
650 _aANÁLISE
773 0 _tRevista CFMV (Brazil)
_xISSN 1517-6959
_g(Sep-Dec 2011), v. 17(54) p. 16-18
_wBR2012006546
909 _a202311
_bLúcia
_c55
_dLúcia Elande
942 _2AGRIS
_n0
_cANA
999 _c221997
_d221997